00454nam a2200169Ia 450000500170000000800410001702000120005804000190007004100120008908200170010110000300011824500470014826000470019530000110024265000210025385000100027420230325110255.0131103s9999 xx 000 0 und d cRs10.00 aLoreto College aEnglish a891.443bCHA aChakraborty, Subodh kumar aRamyani beekshyacSubodh kumar Chakraborty aCalcuttabA Mukherjee & Co. Pvt Ltd.c1378 a320p.  aBengali fiction  aLCLIB